Statistics for Disney Animated Villain Voices

Click here to take the quiz!

General Stats

  • This quiz has been taken 4 times
  • The average score is 13 of 46

Answer Stats

VoiceVillain% Correct
Betty Lou GersonCruella de Vil
67%
Keith DavidDr Facilier
67%
David Ogden StiersGovernor Ratcliffe
67%
James WoodsHades
67%
Jonathan FreemanJafar
67%
Tony JayJudge Claude Frollo
67%
Jenny SlateMayor Bellwether
67%
Jeremy IronsScar
67%
Alan TudykTurbo/King Candy
67%
Pat CarrollUrsula
67%
Randy QuaidAlameda Slim
33%
Robert LoggiaBill Sykes
33%
Kevin Michael RichardsonCaptain Gantu
33%
Roddy Maude-RoxbyEdgar Balthazar
33%
Chris PineKing Magnifico
33%
Elanor AudleyLady Tremaine
33%
Geraldine PageMadame Medusa
33%
Elanor AudleyMaleficent
33%
Donna MurphyMother Gothel
33%
George C ScottPercival C McLeach
33%
Santino FontanaPrince Hans
33%
Peter UstinovPrince John
33%
Vincent PriceProfessor Ratigan
33%
Miguel FerrerShan Yu
33%
George SandersShere Khan
33%
Charles JudelsStromboli and the Coachman
33%
Lucille la VerneThe Evil Queen
33%
John HurtThe Horned King
33%
Eartha KittYzma
33%
Jack AlbertsonAmos Slade
0%
Hans ConriedCaptain Hook
0%
Brian MurrayCaptain John Silver
0%
Brian BlessedClayton
0%
James GarnerCommander Rourke
0%
Jason RaizeDenahi
0%
Richard WhiteGaston
0%
Sterling HollowayKaa
0%
Martha WentworthMadam Mim
0%
Matthew JotsonMichael "Goob" Yagoobian
0%
Michael WincottMr Scroop
0%
Verna FeltonQueen of Hearts
0%
Jemaine ClementTamatoa
0%
Greg GermannThe Agent
0%
German BingThe Ringmaster
0%
Billy GilbertWillie (Fun and Fancy Free)
0%
James CromwellYokai/Robert Callaghan
0%

Score Distribution

Percentile by Number Answered

Percent of People with Each Score

Your Score History

You have not taken this quiz